000 00462nam a2200181Ia 4500
003 GCL
008 140319s9999 xx 000 0 eng d
040 _aGCL /
_cGCL
082 0 4 _a953.5357
_bH T
100 1 _aHAWLEY, DONALD
245 1 0 _aTHE TRUCIAL STATES /
_cHAWLEY, DONALD
260 _a[S.N] :
_bGEORGE ALLEN & UNWIN, LTD. ،
_c1969
300 _a379 P
650 0 4 _aHISTORY
650 0 4 _aOMAN - HISTORY
650 0 4 _aTRUCIAL STATES
942 _2ddc
_cBK
999 _c14986
_d14986